|
|
|
|
| LEADER |
00000nab a2200000ua 4500 |
| 001 |
vtls010809831 |
| 003 |
SK-MaSNL |
| 005 |
20260303131901.0 |
| 008 |
230218s1970 xo |||||||||||||||||ukr| |
| 035 |
|
|
|a (urnnbn)urn:nbn:sk:snk:ar-0042yi
|
| 035 |
|
|
|a (uuid)a2e0f201-b2b0-4723-bf3e-9c93def308ca
|
| 035 |
|
|
|a urn:nbn:sk:snk-ab42cn
|
| 040 |
|
|
|a SNKBUCL
|b slo
|c SNKBUCL
|e AACR2
|
| 041 |
0 |
|
|a ukr
|
| 044 |
|
|
|a xo
|c SK
|
| 100 |
1 |
|
|a Vacil' Grendža-Donc'kij
|4 aut
|9 1149100
|
| 245 |
1 |
0 |
|a Ostannja kulja
|c Vacil' Grendža-Donc'kij
|
| 773 |
0 |
|
|t Duklja : literaturno-chudožnij ta hromads'ko-polityčnyj al'manach
|g Roč. 18, č. 4 (1970), s. 3-4
|
| 958 |
|
|
|a OND
|
| 958 |
|
|
|a EUIPO
|
| 958 |
|
|
|a article3
|
| 999 |
|
|
|c 1947615
|d 1949545
|